[Event "BRA-ch U20"]
[Site "Florianopolis"]
[Date "2017.10.27"]
[Round "1"]
[White "Souza Junior, Vanderval Borges D"]
[Black "Da Veiga, Pedro Miguel Back"]
[Result "1-0"]
[WhiteElo "1966"]
[BlackElo "1467"]
[PlyCount "71"]
[EventDate "2017.10.27"]
[EventType "swiss"]
[EventRounds "6"]
[EventCountry "BRA"]
[SourceTitle "CBM 181 Extra"]
[Source "ChessBase"]
[SourceDate "2017.12.12"]
[SourceVersion "1"]
[SourceVersionDate "2017.12.12"]
[SourceQuality "1"]

1. e4 e5 2. Nf3 Nc6 3. Bb5 a6 4. Bxc6 dxc6 5. 0-0 Bd6 6. d4 Bg4 7. dxe5 Bxf3 8. Qxf3 Bxe5 9. Nd2 Qf6 10. Qb3 b5 11. Nf3 Ne7 12. Bg5 Qd6 13. Rad1 Qc5 14. Be3 Bd4 15. Bxd4 Qh5 16. Bxg7 Rg8 17. Be5 c5 18. Bg3 c4 19. Qe3 c5 20. e5 Rc8 21. e6 fxe6 22. Qxe6 Qf5 23. Qxa6 Rg6 24. Qxb5+ Rcc6 25. Qxc4 Rge6 26. Rfe1 Rxe1+ 27. Rxe1 Qf6 28. Qg8+ Qf8 29. Qd5 Qf6 30. Bh4 Rd6 31. Qa8+ Rd8 32. Qa4+ Kf7 33. Bxf6 Kxf6 34. Qh4+ Kg7 35. Rxe7+ Kg6 36. Qg5# 1-0

[Event "Santa Catarina op"]
[Site "Icara"]
[Date "2017.07.02"]
[Round "7"]
[White "Souza Junior, Vanderval Borges D"]
[Black "Michels, Igor Patricio"]
[Result "1-0"]
[WhiteElo "1755"]
[BlackElo "1787"]
[PlyCount "33"]
[EventDate "2017.06.29"]
[EventType "swiss"]
[EventRounds "7"]
[EventCountry "BRA"]
[SourceTitle "CBM 179 Extra"]
[Source "ChessBase"]
[SourceDate "2017.08.23"]
[SourceVersion "1"]
[SourceVersionDate "2017.08.23"]
[SourceQuality "1"]

1. e4 c5 2. Nf3 d6 3. d4 cxd4 4. Nxd4 Nf6 5. Nc3 e5 6. Bb5+ Nbd7 7. Nf5 Qb6 8. 0-0 g6 9. Ne3 Bg7 10. Nc4 Qc7 11. Nxd6+ Ke7 12. Nc4 a6 13. Bg5 Ke8 14. Bxf6 Bxf6 15. Nd5 Qd8 16. Bxd7+ Bxd7 17. Ncb6 1-0

[Event "Santa Catarina op"]
[Site "Icara"]
[Date "2017.06.30"]
[Round "2"]
[White "Borges, Guilherme Deola"]
[Black "Souza Junior, Vanderval Borges D"]
[Result "1-0"]
[WhiteElo "2195"]
[BlackElo "1755"]
[PlyCount "95"]
[EventDate "2017.06.29"]
[EventType "swiss"]
[EventRounds "7"]
[EventCountry "BRA"]
[SourceTitle "CBM 179 Extra"]
[Source "ChessBase"]
[SourceDate "2017.08.23"]
[SourceVersion "1"]
[SourceVersionDate "2017.08.23"]
[SourceQuality "1"]

1. d4 Nf6 2. c4 g6 3. f3 d5 4. cxd5 Nxd5 5. e4 Nb6 6. Nc3 Bg7 7. Be3 0-0 8. Qd2 Nc6 9. 0-0-0 Qd6 10. Nb5 Qd7 11. Kb1 a6 12. Nc3 Rd8 13. d5 Na7 14. h4 Na4 15. Nge2 b5 16. h5 Nxc3+ 17. Nxc3 b4 18. Ne2 Nb5 19. hxg6 fxg6 20. Nd4 Nxd4 21. Bxd4 e5 22. Be3 a5 23. Bc4 Ba6 24. Rc1 Bf8 25. Qd3 Bxc4 26. Qxc4 Bd6 27. Qc6 Qxc6 28. Rxc6 h5 29. Rhc1 Kf7 30. Bc5 Ke7 31. Rxc7+ Kf6 32. Rc6 Ke7 33. Bxd6+ Rxd6 34. Rxd6 Kxd6 35. Rc6+ Kd7 36. Rxg6 Rf8 37. Rh6 Rg8 38. Rxh5 Kd6 39. g4 Rf8 40. Rh3 Kc5 41. g5 Kd4 42. g6 Rg8 43. Rg3 b3 44. axb3 Ke3 45. g7 Kf4 46. Rg6 Kxf3 47. d6 Kxe4 48. d7 1-0

[Event "BRA-ch U16"]
[Site "Itajai"]
[Date "2017.06.03"]
[Round "5"]
[White "Frois, Vitor Amorim"]
[Black "Souza Junior, Vanderval Borges D"]
[Result "1/2-1/2"]
[WhiteElo "2011"]
[BlackElo "1755"]
[PlyCount "92"]
[EventDate "2017.06.01"]
[EventType "swiss"]
[EventRounds "6"]
[EventCountry "BRA"]
[SourceTitle "CBM 179 Extra"]
[Source "ChessBase"]
[SourceDate "2017.08.23"]
[SourceVersion "1"]
[SourceVersionDate "2017.08.23"]
[SourceQuality "1"]

1. e4 e5 2. Nf3 Nc6 3. Bc4 Nf6 4. d3 Bc5 5. c3 d6 6. Bb3 a6 7. Nbd2 Ba7 8. h3 h6 9. 0-0 g5 10. Nc4 g4 11. hxg4 Nxg4 12. d4 Bd7 13. Ne3 Rg8 14. Nxg4 Bxg4 15. Qd3 Qf6 16. Kh1 Qg6 17. Nh4 Qh5 18. Qg3 0-0-0 19. f3 exd4 20. Qh2 Be6 21. Nf5 Qg6 22. cxd4 Bxd4 23. Nxd4 Nxd4 24. Be3 Nxb3 25. axb3 h5 26. Rfc1 Kb8 27. b4 Bd7 28. Rc3 h4 29. Rac1 h3 30. g4 Bc6 31. Qe2 Bb5 32. Qf2 c6 33. Bf4 Ka8 34. Qb6 Qe6 35. Be3 c5 36. bxc5 dxc5 37. Qxc5 b6 38. Qxb6 Qxb6 39. Bxb6 Rd2 40. R3c2 Rxc2 41. Rxc2 Kb7 42. Be3 Rc8 43. Rxc8 Kxc8 44. Kh2 Be2 45. Kg3 h2 46. Kxh2 Bxf3 1/2-1/2

[Event "Florianopolis Winter U220 op"]
[Site "Florianopolis"]
[Date "2016.08.20"]
[Round "4"]
[White "Souza Junior, Vanderval Borges D"]
[Black "Perondi, Rodolfo Antonio"]
[Result "1-0"]
[WhiteElo "1680"]
[BlackElo "1874"]
[PlyCount "113"]
[EventDate "2016.08.19"]
[EventType "swiss"]
[EventRounds "7"]
[EventCountry "BRA"]
[SourceTitle "CBM 174 Extra"]
[Source "ChessBase"]
[SourceDate "2016.10.10"]
[SourceVersion "1"]
[SourceVersionDate "2016.10.10"]
[SourceQuality "1"]

1. e4 e5 2. Nf3 Nf6 3. Nxe5 d6 4. Nf3 Nxe4 5. Nc3 Nxc3 6. dxc3 Nc6 7. Bf4 Bg4 8. Be2 Qf6 9. Qd2 h6 10. 0-0-0 0-0-0 11. Kb1 g5 12. Be3 Bg7 13. h3 Bh5 14. Nd4 Bxe2 15. Qxe2 Nxd4 16. Bxd4 Qg6 17. Bxa7 Rhe8 18. Be3 Qe4 19. Qg4+ Qxg4 20. hxg4 Re4 21. Bd4 Bf8 22. f3 Re2 23. Rde1 Rde8 24. Bf2 Kd7 25. Rxe2 Rxe2 26. Rf1 d5 27. Kc1 c5 28. Kd1 Re6 29. a4 Bd6 30. Re1 Rf6 31. b3 b6 32. Kd2 Bf4+ 33. Kd3 Bd6 34. c4 d4 35. b4 Bf8 36. b5 Bd6 37. Re4 Rg6 38. Be1 Rg8 39. c3 Ra8 40. cxd4 Rxa4 41. d5 Bf8 42. Bc3 Ra3 43. Re2 Bg7 44. Rc2 Bf8 45. Ke4 Ra4 46. Be5 Ra3 47. Kf5 Ra7 48. Kf6 Ke8 49. d6 Kd8 50. Rd2 Kd7 51. Kxf7 Ra8 52. Bf6 h5 53. Be7 Bh6 54. Kg6 Rh8 55. Bf6 Rf8 56. Kxh6 Rxf6+ 57. Kxg5 1-0

[Event "Florianopolis Winter U220 op"]
[Site "Florianopolis"]
[Date "2016.08.19"]
[Round "2"]
[White "Souza Junior, Vanderval Borges D"]
[Black "Rodio, Arthur Brunetto"]
[Result "1-0"]
[WhiteElo "1680"]
[BlackElo "1319"]
[PlyCount "51"]
[EventDate "2016.08.19"]
[EventType "swiss"]
[EventRounds "7"]
[EventCountry "BRA"]
[SourceTitle "CBM 174 Extra"]
[Source "ChessBase"]
[SourceDate "2016.10.10"]
[SourceVersion "1"]
[SourceVersionDate "2016.10.10"]
[SourceQuality "1"]

1. e4 e5 2. Nf3 Nc6 3. Bb5 a6 4. Bxc6 dxc6 5. 0-0 Bd6 6. d4 exd4 7. Qxd4 Bg4 8. Qxg7 Bxf3 9. Qxh8 Bxh2+ 10. Kxh2 Qh4+ 11. Kg1 Qg4 12. Qe5+ Ne7 13. Qg3 Qxg3 14. fxg3 Bxe4 15. Re1 f5 16. Nc3 0-0-0 17. Bg5 h6 18. Bxe7 Rd4 19. Nxe4 fxe4 20. Rad1 Rxd1 21. Rxd1 Kb8 22. Rd8+ Ka7 23. Rh8 e3 24. Rxh6 e2 25. Kf2 e1R 26. Kxe1 1-0

[Event "BRA-ch U20"]
[Site "Icara"]
[Date "2016.06.24"]
[Round "2"]
[White "Almeida Junior, Alvaro Alves de"]
[Black "Souza Junior, Vanderval Borges D"]
[Result "1/2-1/2"]
[WhiteElo "1977"]
[BlackElo "1655"]
[PlyCount "75"]
[EventDate "2016.06.23"]
[EventType "swiss"]
[EventRounds "7"]
[EventCountry "BRA"]
[SourceTitle "EXT 2017"]
[Source "ChessBase"]
[SourceDate "2016.10.25"]
[SourceVersion "1"]
[SourceVersionDate "2016.10.25"]
[SourceQuality "1"]

1. e4 e5 2. Nf3 Nc6 3. Bc4 Nf6 4. 0-0 Nxe4 5. Re1 d5 6. Bb5 Bc5 7. d4 exd4 8. Nxd4 0-0 9. Be3 Nxd4 10. Bxd4 Bxd4 11. Qxd4 Qf6 12. Qxf6 Nxf6 13. Nd2 Bf5 14. Re5 Bg6 15. Re2 c6 16. Bd3 Bxd3 17. cxd3 Rab8 18. Rae1 Rfe8 19. Kf1 Rxe2 20. Rxe2 Kf8 21. Re1 Re8 22. Rc1 Nd7 23. d4 Ke7 24. Rc3 Kd6 25. Rh3 h6 26. Ra3 a6 27. Rg3 g6 28. Rf3 Re7 29. g4 b6 30. b4 c5 31. bxc5+ bxc5 32. dxc5+ Nxc5 33. Rh3 Ne4 34. Nxe4+ Rxe4 35. Ra3 Re7 36. Rh3 Re4 37. Ra3 Re7 38. Rh3 1/2-1/2